00368nam a22001217a 4500008004100000040005500041080001800096100002000114245003600134260005100170650001400221653001100235230328b |||||||| |||| 00| 0 eng d aNational Science LibrarycNational Science Library aR 91(038)bK7 aLana, Gabriella aGlossary of geographical names  aLondon: bElesevier Publishing Company, c1967 aGeography aRivers